Analýza účtovnej závierky v sústave podvojného účtovníctva
Účtovná závierka v podmienkach Slovenskej republiky. Zostavenie účtovnej závierky podľa zákona č. 431/2002 Z. z. o účtovníctve. Analýza zložiek účtovnej závierky vybraného podniku pôsobiaceho v oblasti stavebníctva. Zlaté bilančné pravidlo vybraného podniku za roky 2014-2016. Ukazovatele likvidity v...
Salvato in:
| Autore principale: | |
|---|---|
| Natura: | Capitolo di libro |
| Lingua: | slovacco |
| Soggetti: | |
| Tags: |
Nessun Tag, puoi essere il primo ad aggiungerne!!
|
MARC
| LEADER | 00000naa$a2200000$$$4500 | ||
|---|---|---|---|
| 001 | 0250240 | ||
| 005 | 20240502074017.2 | ||
| 041 | 0 | |a slo | |
| 044 | |a SK | ||
| 245 | 1 | 0 | |a Analýza účtovnej závierky v sústave podvojného účtovníctva |c Slavomíra Stašková |
| 520 | |a Účtovná závierka v podmienkach Slovenskej republiky. Zostavenie účtovnej závierky podľa zákona č. 431/2002 Z. z. o účtovníctve. Analýza zložiek účtovnej závierky vybraného podniku pôsobiaceho v oblasti stavebníctva. Zlaté bilančné pravidlo vybraného podniku za roky 2014-2016. Ukazovatele likvidity vybraného podniku za roky 2014-2016. Ukazovatele rentability vybraného podniku za roky 2014-2016. | ||
| 610 | 2 | 0 | |a účtovníctvo podvojné |
| 610 | 2 | 0 | |a závierka účtovná |
| 610 | 2 | 0 | |a podnik stavebný |
| 610 | 2 | 0 | |a likvidita |
| 610 | 2 | 0 | |a rentabilita |
| 610 | 2 | 0 | |a aktíva |
| 610 | 2 | 0 | |a kapitál vlastný |
| 610 | 2 | 0 | |a tržby |
| 100 | 1 | |a Stašková, Slavomíra, 1989- | |